Normal view MARC view

Entry Personal Name

Number of records used in: 2

001 - CONTROL NUMBER

  • control field: 17309

003 - CONTROL NUMBER IDENTIFIER

  • control field: dpl

005 - DATE AND TIME OF LATEST TRANSACTION

  • control field: 20100827145135.0

008 - FIXED-LENGTH DATA ELEMENTS

  • fixed length control field: 100827|||a|||||| | ||| d

040 ## - CATALOGING SOURCE

  • Original cataloging agency: dpl
  • Transcribing agency: dpl

100 ## - HEADING--PERSONAL NAME

  • Personal name: माहेश्वरी, उषा

670 ## - SOURCE DATA FOUND

  • Source citation: Work cat.: (dpl)34618: माहेश्वरी, उषा, द्रौपदी का चीर /, 2009

670 ## - SOURCE DATA FOUND

  • Source citation: Work cat.: (dpl)34618: माहेश्वरी, उषा, द्रौपदी का चीर /, 2009

© Delhi Public Library
Hit Counter
free hit counter